000 00701nam a2200217 4500
003 OSt
005 20240724060251.0
006 a
008 240724b |||||||| |||| 00| 0 eng d
020 _a9781408018965
040 _aDWCL-Main lib.
_cOC
082 _aCirc. 658.72 V217p 2010
100 _aVan Weele, Arjan J.
245 _aPurchasing & supply chain management: analysis, strategy, planning and practice /
260 _aAustralia :
_bCengage Learning,
_cc2010.
300 _axxvii,
_b418 p. : ill. ;
_c26 cm.
504 _aIncludes bibliographical references & index.
650 _a1. Purchasing - Management.
650 _a2. Industrial procurement.
942 _2ddc
_n0
_cBK-CIRC
_kCirc.
999 _c2658
_d2658